000 00306 a2200145 4500
001 170581
020 _a
040 _cMagnum
100 _aVilarrubias, Pia
240 1 0 _aKiko sale del libro
_lESP
245 1 0 _aKiko sale del libro
362 0 _a1899
697 _aLITERATURA ESTRANGEIRA
942 _cBK
999 _c170581
_d170581